000 00608nam a2200193 i 4500
001 146715
003 ES-MaACL
005 20230906201638.0
007 t|
008 070917s1971 sp ||||1| spa d
100 1 _aTrenas, Julio.
_9111313
245 1 0 _aFermín Arteta, Ministro de Isabell II
_b: (la anticipación de un tecnócrata) /
_cJulio Trenas.
260 _a[Madrid] :
_bGuadarrama,
_c[1971]
300 _a419 p. ;
_c21 cm.
490 1 _aCol. Monografías. Sección 2ª
830 0 _aCol. Monografías. Sección 2ª
_9220880
852 _aES-MaACL
_jC-41136
_bR.80037
999 _c146715
_d146715